Thể dục 4

Sách giới thiệu chung về môn Thể dục 4 và những hướng dẫn dạy các bài thể dục căn bản, các trò chơi. Giúp giáo viên nâng cao hiệu quả giảng dạy.

Αποθηκεύτηκε σε:
Λεπτομέρειες βιβλιογραφικής εγγραφής
Κύριος συγγραφέας: Trần, Đồng Lâm
Μορφή: Βιβλίο
Γλώσσα:Undetermined
Έκδοση: Hà Nội Giáo dục Việt Nam 2010
Θέματα:
Ετικέτες: Προσθήκη ετικέτας
Δεν υπάρχουν, Καταχωρήστε ετικέτα πρώτοι!
Thư viện lưu trữ: Trung tâm Học liệu Trường Đại học Cần Thơ
LEADER 00857nam a2200217Ia 4500
001 CTU_159679
008 210402s9999 xx 000 0 und d
020 |c 7600 
082 |a 372.86 
082 |b L120/L.4 
100 |a Trần, Đồng Lâm 
245 0 |a Thể dục 4 
245 0 |c Trần Đồng lâm (Chủ biên) 
260 |a Hà Nội 
260 |b Giáo dục Việt Nam 
260 |c 2010 
520 |a Sách giới thiệu chung về môn Thể dục 4 và những hướng dẫn dạy các bài thể dục căn bản, các trò chơi. Giúp giáo viên nâng cao hiệu quả giảng dạy. 
650 |a Physical education and training 
650 |x Study and teaching (Elementary) 
904 |i Loan (Bé Ba), Bạch Trúc 
980 |a Trung tâm Học liệu Trường Đại học Cần Thơ